[Event "LXII C.to Italiano"]
[Site "Montecatini Terme ITA"]
[Date "2002.11.27"]
[Round "8"]
[White "Collutiis, Duilio"]
[Black "Bellia, Fabrizio"]
[Result "0-1"]
[WhiteElo "2332"]
[BlackElo "2410"]
[PlyCount "69"]
[EventDate "2002.11.20"]

1. e4 d5 2. exd5 Qxd5 3. Nf3 Bg4 4. Be2 Nf6 5. O-O c6 6. d4 Nbd7 7. Be3 e6 8.
c4 Qa5 9. Nc3 Bd6 10. h3 Bh5 11. a3 O-O 12. b4 Qc7 13. Rc1 a5 14. Qb3 axb4 15.
axb4 Bf4 16. c5 Nd5 17. Nxd5 exd5 18. Ra1 Rfe8 19. b5 Bxe3 20. fxe3 h6 21. Rfb1
Rxa1 22. Rxa1 Nf6 23. Qd3 Ne4 24. bxc6 bxc6 25. Nd2 Bg6 26. Nxe4 Bxe4 27. Qd2
Qg3 28. Bg4 f5 29. Bh5 g6 30. Bd1 f4 31. Ra3 f3 32. Qf2 Qxf2+ 33. Kxf2 fxg2 34.
Be2 Rb8 35. Bd3 0-1

[Event "LXII C.to Italiano"]
[Site "Montecatini Terme ITA"]
[Date "2002.11.27"]
[Round "8"]
[White "De Santis, Alessio"]
[Black "Lanzani, Mario"]
[Result "1/2-1/2"]
[WhiteElo "2267"]
[BlackElo "2350"]
[PlyCount "20"]
[EventDate "2002.11.20"]

1. d4 d5 2. c4 e6 3. Nc3 c5 4. cxd5 exd5 5. Nf3 Nc6 6. g3 Nf6 7. Bg2 Be7 8. O-O
O-O 9. Bg5 Be6 10. Rc1 c4 1/2-1/2

[Event "LXII C.to Italiano"]
[Site "Montecatini Terme ITA"]
[Date "2002.11.27"]
[Round "8"]
[White "Di Paolo, Raffaele"]
[Black "Genocchio, Daniele"]
[Result "1/2-1/2"]
[WhiteElo "2340"]
[BlackElo "2345"]
[PlyCount "32"]
[EventDate "2002.11.20"]

1. e4 c5 2. Nf3 Nc6 3. Bb5 Nf6 4. e5 Nd5 5. O-O g6 6. Re1 Nc7 7. a4 Bg7 8. c3
O-O 9. d4 cxd4 10. cxd4 d6 11. Bxc6 bxc6 12. h3 Rb8 13. Qc2 Be6 14. exd6 exd6
15. Bg5 Qd7 16. Nc3 h6 1/2-1/2

[Event "LXII C.to Italiano"]
[Site "Montecatini Terme ITA"]
[Date "2002.11.27"]
[Round "8"]
[White "Manca, Federico"]
[Black "Vezzosi, Paolo"]
[Result "1/2-1/2"]
[WhiteElo "2349"]
[BlackElo "2394"]
[PlyCount "79"]
[EventDate "2002.11.20"]

1. e4 c6 2. d4 d5 3. Nc3 dxe4 4. Nxe4 Bf5 5. Ng3 Bg6 6. Bc4 e6 7. N1e2 Bd6 8.
Nf4 Nf6 9. c3 Nd5 10. Nxg6 hxg6 11. Ne4 Be7 12. Qf3 Nd7 13. Bd2 Qc7 14. O-O-O
b5 15. Bd3 N7f6 16. Ng5 Bd6 17. g3 Nh7 18. Ne4 Nhf6 19. Nxd6+ Qxd6 20. h4 Nb6
21. Kb1 Qd5 22. Qe2 a5 23. g4 a4 24. Bg5 Kd7 25. f4 Nc4 26. a3 Nxg4 27. Bxc4
bxc4 28. Qxg4 f6 29. Ka1 fxg5 30. fxg5 Rhf8 31. h5 Rf5 32. Rdg1 gxh5 33. Rxh5
Raf8 34. Qd1 Qb5 35. Rh7 R8f7 36. g6 Rf2 37. Qc1 Re7 38. Rf1 Qf5 39. Rxf2 Qxf2
40. Qh1 1/2-1/2

[Event "LXII C.to Italiano"]
[Site "Montecatini Terme ITA"]
[Date "2002.11.28"]
[Round "9"]
[White "Bellia, Fabrizio"]
[Black "Manca, Federico"]
[Result "1/2-1/2"]
[WhiteElo "2410"]
[BlackElo "2349"]
[PlyCount "30"]
[EventDate "2002.11.20"]

1. e4 e5 2. Nf3 Nf6 3. Nxe5 d6 4. Nf3 Nxe4 5. d4 d5 6. Bd3 Be7 7. O-O Nc6 8. c4
Nb4 9. Be2 O-O 10. Nc3 Bf5 11. a3 Nxc3 12. bxc3 Nc6 13. cxd5 Qxd5 14. Bf4 Na5
15. Bxc7 b6 1/2-1/2

[Event "LXII C.to Italiano"]
[Site "Montecatini Terme ITA"]
[Date "2002.11.28"]
[Round "9"]
[White "Genocchio, Daniele"]
[Black "Belotti, Bruno"]
[Result "0-1"]
[WhiteElo "2345"]
[BlackElo "2419"]
[PlyCount "73"]
[EventDate "2002.11.20"]

1. e4 c5 2. Nc3 Nc6 3. f4 g6 4. Nf3 Bg7 5. g3 d6 6. Bg2 e6 7. O-O Nge7 8. d3
O-O 9. g4 f5 10. gxf5 exf5 11. Be3 h6 12. Kh1 Be6 13. Qd2 Qd7 14. Rae1 Rad8 15.
Rg1 b6 16. Nh4 Nd4 17. Nd5 Nxd5 18. exd5 Bf7 19. c3 Nb5 20. Qf2 Kh7 21. Qg3 Bf6
22. Nf3 Rde8 23. c4 Nd4 24. Bxd4 cxd4 25. Ne5 dxe5 26. fxe5 Bg5 27. h4 Be3 28.
e6 Bxe6 29. dxe6 Rxe6 30. Bd5 Ref6 31. Rg2 Qd6 32. Qf3 Kg7 33. a3 g5 34. b4 g4
35. h5 Kh8 36. Qg3 Qxg3 37. Rxg3 0-1

[Event "LXII C.to Italiano"]
[Site "Montecatini Terme ITA"]
[Date "2002.11.28"]
[Round "9"]
[White "Lanzani, Mario"]
[Black "Di Paolo, Raffaele"]
[Result "1/2-1/2"]
[WhiteElo "2350"]
[BlackElo "2340"]
[PlyCount "33"]
[EventDate "2002.11.20"]

1. e4 c5 2. Nf3 d6 3. d4 cxd4 4. Nxd4 Nf6 5. f3 e6 6. c4 Be7 7. Nc3 O-O 8. Be3
b6 9. Be2 Bb7 10. O-O Nbd7 11. Qd2 a6 12. Rfd1 Qc7 13. Rac1 Rac8 14. Qe1 Qb8
15. Qf2 Kh8 16. a3 Bd8 17. Kh1 1/2-1/2

[Event "LXII C.to Italiano"]
[Site "Montecatini Terme ITA"]
[Date "2002.11.28"]
[Round "9"]
[White "Mantovani, Renzo"]
[Black "Collutiis, Duilio"]
[Result "1/2-1/2"]
[WhiteElo "2359"]
[BlackElo "2332"]
[PlyCount "75"]
[EventDate "2002.11.20"]

1. d4 Nf6 2. Nf3 c5 3. d5 d6 4. Nc3 Qa5 5. Bd2 b5 6. Ne4 Qb6 7. Nxf6+ exf6 8.
c4 a6 9. e4 Nd7 10. cxb5 axb5 11. a4 b4 12. Bb5 Ba6 13. O-O Be7 14. Bxd7+ Kxd7
15. Re1 g6 16. Be3 Rhc8 17. Nd2 Ke8 18. b3 Kf8 19. Rc1 Kg8 20. h4 Re8 21. h5
Qd8 22. Qg4 f5 23. exf5 Bc8 24. Bf4 Bxf5 25. Qg3 Bf8 26. Nc4 Re4 27. Rxe4 Bxe4
28. Nxd6 Bxd5 29. Rxc5 Be6 30. Rb5 Ra6 31. hxg6 hxg6 32. Nc4 Bxc4 33. bxc4 Qd1+
34. Kh2 Qxa4 35. Rb8 Ra8 36. Bh6 Qa7 37. Rxf8+ Rxf8 38. Bxf8 1/2-1/2

[Event "LXII C.to Italiano"]
[Site "Montecatini Terme ITA"]
[Date "2002.11.28"]
[Round "9"]
[White "Vezzosi, Paolo"]
[Black "Braga, Fernando Alberto"]
[Result "1/2-1/2"]
[WhiteElo "2394"]
[BlackElo "2434"]
[PlyCount "102"]
[EventDate "2002.11.20"]

1. d4 d5 2. c4 c6 3. Nc3 Nf6 4. e3 a6 5. Qc2 g6 6. Nf3 Bf5 7. Qb3 Ra7 8. Bd2
Bg7 9. Ne5 O-O 10. f4 e6 11. Be2 Nbd7 12. O-O dxc4 13. Qxc4 c5 14. Nxd7 Nxd7
15. dxc5 e5 16. Rad1 exf4 17. b4 Bc2 18. Rc1 Ne5 19. Qd5 Bd3 20. Rf2 Bxe2 21.
Rxe2 Nd3 22. Rd1 Nxb4 23. Qc4 Qd3 24. Qxd3 Nxd3 25. exf4 Bd4+ 26. Be3 Bxe3+ 27.
Rxe3 Nxc5 28. Re7 Raa8 29. Rd5 Rac8 30. a4 Ne6 31. Ne4 Rc4 32. Nf6+ Kg7 33.
Ne8+ Kh6 34. g3 Rxa4 35. Nd6 Kg7 36. Nxb7 Rc8 37. Rxf7+ Kxf7 38. Nd6+ Kf6 39.
Nxc8 Ra2 40. h4 a5 41. Nd6 a4 42. Ne4+ Ke7 43. Ra5 Nd4 44. Ra7+ Ke6 45. Rxa4
Rxa4 46. Nc5+ Kf5 47. Nxa4 Kg4 48. Kh2 Nf5 49. h5 Nxg3 50. hxg6 hxg6 51. Nc5
Kxf4 1/2-1/2

[Event "LXII C.to Italiano"]
[Site "Montecatini Terme ITA"]
[Date "2002.11.29"]
[Round "10"]
[White "Bellia, Fabrizio"]
[Black "Mantovani, Renzo"]
[Result "1/2-1/2"]
[WhiteElo "2410"]
[BlackElo "2359"]
[PlyCount "126"]
[EventDate "2002.11.20"]

1. e4 c5 2. c3 d5 3. exd5 Qxd5 4. d4 Nf6 5. Nf3 Bg4 6. Be2 e6 7. Be3 cxd4 8.
cxd4 Nc6 9. Nc3 Qa5 10. O-O Be7 11. a3 Rc8 12. h3 Bh5 13. b4 Qd8 14. Rc1 O-O
15. Qb3 Rc7 16. Rfd1 Rd7 17. g4 Bg6 18. b5 Na5 19. Qa4 b6 20. Ne5 Rc7 21. Nc6
Qd6 22. Nxe7+ Qxe7 23. Bf4 Rd7 24. Bf3 h6 25. Bc6 Rdd8 26. Re1 Nd7 27. Rcd1 Rc8
28. d5 Nc5 29. Qb4 Qh4 30. Re3 exd5 31. Nxd5 Rfd8 32. Ne7+ Kh7 33. Rxd8 Rxd8
34. Nxg6 fxg6 35. Be4 Rd1+ 36. Kg2 Nxe4 37. Qxe4 Qd8 38. Be5 Qd5 39. Qxd5 Rxd5
40. Bb8 Rxb5 41. Rc3 a6 42. Bc7 g5 43. Kg3 Kg6 44. Rd3 Nc4 45. Rc3 Na5 46. Rd3
Kh7 47. Rc3 Kg8 48. f4 gxf4+ 49. Kxf4 Kf7 50. h4 g6 51. Bd6 Rd5 52. Rc7+ Ke6
53. Bb4 Rd4+ 54. Kg3 Nc4 55. Rc6+ Kf7 56. Rc7+ Ke8 57. Re7+ Kd8 58. Re6 a5 59.
Bf8 g5 60. h5 Rd3+ 61. Kf2 Rd4 62. Kg3 Rd3+ 63. Kf2 Rd4 1/2-1/2

[Event "LXII C.to Italiano"]
[Site "Montecatini Terme ITA"]
[Date "2002.11.29"]
[Round "10"]
[White "Belotti, Bruno"]
[Black "Lanzani, Mario"]
[Result "1/2-1/2"]
[WhiteElo "2419"]
[BlackElo "2350"]
[PlyCount "30"]
[EventDate "2002.11.20"]

1. c4 e6 2. g3 d5 3. Bg2 Nf6 4. Nf3 Be7 5. O-O O-O 6. Qc2 b6 7. d4 c6 8. Rd1
Nbd7 9. b3 Ba6 10. Nbd2 c5 11. e4 dxc4 12. bxc4 cxd4 13. e5 Ng4 14. Qe4 h5 15.
h3 Nc5 1/2-1/2

[Event "LXII C.to Italiano"]
[Site "Montecatini Terme ITA"]
[Date "2002.11.29"]
[Round "10"]
[White "Collutiis, Duilio"]
[Black "Genocchio, Daniele"]
[Result "0-1"]
[WhiteElo "2332"]
[BlackElo "2345"]
[PlyCount "52"]
[EventDate "2002.11.20"]

1. e4 d5 2. exd5 Nf6 3. Bb5+ Bd7 4. Be2 Nxd5 5. d4 Bf5 6. Nf3 e6 7. O-O Be7 8.
a3 h6 9. c4 Nf6 10. Qb3 Qc8 11. Nc3 O-O 12. d5 exd5 13. cxd5 c6 14. Nd4 Bg6 15.
dxc6 Nxc6 16. Nxc6 bxc6 17. Qc4 Nd5 18. Ne4 Qe6 19. Bd3 Rad8 20. Qc2 Rfe8 21.
Bd2 Nb6 22. Rfe1 Qd5 23. Bf4 Qxd3 24. Qxd3 Rxd3 25. Nd6 Ra8 26. Rxe7 Nd5 0-1

[Event "LXII C.to Italiano"]
[Site "Montecatini Terme ITA"]
[Date "2002.11.29"]
[Round "10"]
[White "De Santis, Alessio"]
[Black "Vezzosi, Paolo"]
[Result "0-1"]
[WhiteElo "2267"]
[BlackElo "2394"]
[PlyCount "79"]
[EventDate "2002.11.20"]

1. d4 d5 2. c4 e6 3. Nc3 Nf6 4. cxd5 exd5 5. Bg5 c6 6. e3 Be7 7. Qc2 O-O 8. Bd3
Nbd7 9. Nge2 Re8 10. O-O Nf8 11. f3 h6 12. Bh4 Ne6 13. Kh1 Ng5 14. Bxg5 hxg5
15. e4 Be6 16. e5 Nh5 17. Qd2 g6 18. g4 Ng7 19. h3 Rf8 20. Qc2 c5 21. dxc5 Bxc5
22. Qd2 Qe7 23. a3 a6 24. Rae1 Rad8 25. h4 Bc8 26. Ng3 Ne6 27. Nce2 Rfe8 28. h5
Nf8 29. Ng1 Bxg1 30. Rxg1 d4 31. Re2 Rd5 32. Rge1 Kg7 33. Nf5+ gxf5 34. gxf5
Kh6 35. Rg1 Nh7 36. f4 Rg8 37. Be4 Qe8 38. f6 g4 39. Reg2 Nxf6 40. f5+ 0-1

[Event "LXII C.to Italiano"]
[Site "Montecatini Terme ITA"]
[Date "2002.11.29"]
[Round "10"]
[White "Manca, Federico"]
[Black "Braga, Fernando Alberto"]
[Result "1/2-1/2"]
[WhiteElo "2349"]
[BlackElo "2434"]
[PlyCount "37"]
[EventDate "2002.11.20"]

1. e4 c5 2. c3 d5 3. exd5 Qxd5 4. d4 Nf6 5. Nf3 Bg4 6. dxc5 Qxc5 7. Be3 Qc7 8.
h3 Bd7 9. Na3 Nc6 10. Nb5 Qb8 11. Bc4 a6 12. Nbd4 e6 13. O-O Be7 14. Re1 Qc7
15. Bb3 O-O 16. Bg5 Rad8 17. Qe2 Nxd4 18. Nxd4 Nd5 19. Bxe7 1/2-1/2

[Event "LXII C.to Italiano"]
[Site "Montecatini Terme ITA"]
[Date "2002.11.30"]
[Round "11"]
[White "Braga, Fernando Alberto"]
[Black "De Santis, Alessio"]
[Result "0-1"]
[WhiteElo "2434"]
[BlackElo "2267"]
[PlyCount "54"]
[EventDate "2002.11.20"]

1. Nf3 f5 2. c4 Nf6 3. g3 g6 4. d4 Bg7 5. b4 O-O 6. Bb2 d6 7. Bg2 c6 8. Qc2
Nbd7 9. Nbd2 Qe8 10. O-O e5 11. dxe5 dxe5 12. e4 f4 13. c5 fxg3 14. fxg3 b6 15.
Nc4 Ba6 16. Ng5 bxc5 17. Qb3 Qe7 18. Nxe5+ c4 19. Nxc4 Kh8 20. Rae1 Rab8 21. a3
Qc5+ 22. Ne3 Qxg5 23. e5 Nxe5 24. Nf5 gxf5 25. Bxe5 Bxf1 26. Bxb8 Bxg2 27. Bf4
Bd5 0-1

[Event "LXII C.to Italiano"]
[Site "Montecatini Terme ITA"]
[Date "2002.11.30"]
[Round "11"]
[White "Genocchio, Daniele"]
[Black "Bellia, Fabrizio"]
[Result "1-0"]
[WhiteElo "2345"]
[BlackElo "2410"]
[PlyCount "87"]
[EventDate "2002.11.20"]

1. e4 d5 2. d4 dxe4 3. Nc3 Nf6 4. f3 exf3 5. Nxf3 Bg4 6. Bd3 g6 7. Be3 Bg7 8.
Qd2 Bxf3 9. gxf3 O-O 10. O-O-O Nd5 11. Nxd5 Qxd5 12. Kb1 Qxf3 13. h4 h5 14.
Rhg1 Nd7 15. Rdf1 Qc6 16. Bh6 Bxd4 17. Bxg6 fxg6 18. Rxf8+ Rxf8 19. Qxd4 Rf6
20. Re1 e5 21. Qxa7 Kh7 22. Bd2 Rf3 23. Qa8 Rf8 24. Qa3 Qd6 25. Qe3 Rf4 26. b3
Qd4 27. Rd1 Nf8 28. Qe1 Rf5 29. Bc3 Qc5 30. Rd8 Qe7 31. Qd2 b6 32. Kb2 Rf7 33.
Bb4 c5 34. Bc3 Nd7 35. Qd5 Nf6 36. Bxe5 Ne8 37. Bc3 Ng7 38. Rb8 Qc7 39. Rxb6
Rd7 40. Rc6 Qd8 41. Qe4 Nf5 42. Qe6 Rd6 43. Qf7+ Kh6 44. Bd2+ 1-0

[Event "LXII C.to Italiano"]
[Site "Montecatini Terme ITA"]
[Date "2002.11.30"]
[Round "11"]
[White "Lanzani, Mario"]
[Black "Collutiis, Duilio"]
[Result "0-1"]
[WhiteElo "2350"]
[BlackElo "2332"]
[PlyCount "28"]
[EventDate "2002.11.20"]

1. Nf3 Nf6 2. c4 g6 3. Nc3 Bg7 4. e4 e5 5. d4 exd4 6. Nxd4 O-O 7. Be3 Re8 8. f3
c6 9. Qc2 d5 10. O-O-O Qe7 11. cxd5 Nxd5 12. Nxd5 cxd5 13. Bd3 Bd7 14. Rhe1 Rc8
0-1

[Event "LXII C.to Italiano"]
[Site "Montecatini Terme ITA"]
[Date "2002.11.30"]
[Round "11"]
[White "Mantovani, Renzo"]
[Black "Manca, Federico"]
[Result "1-0"]
[WhiteElo "2359"]
[BlackElo "2349"]
[PlyCount "81"]
[EventDate "2002.11.20"]

1. g3 e5 2. Bg2 d5 3. c4 d4 4. d3 Nf6 5. Nf3 Nc6 6. O-O a5 7. Na3 Be7 8. Nc2
O-O 9. a3 Nd7 10. Bd2 a4 11. Nb4 f5 12. Ne1 Nf6 13. Nxc6 bxc6 14. Bxc6 Rb8 15.
Rb1 e4 16. Qxa4 e3 17. fxe3 dxe3 18. Bc3 Ng4 19. Qa5 Be6 20. Ng2 Qd6 21. Bd5 c6
22. Bxe6+ Qxe6 23. h3 Nf2 24. Qe5 Nxh3+ 25. Kh2 Qh6 26. Qxg7+ Qxg7 27. Bxg7
Kxg7 28. Kxh3 Bg5 29. b4 Kg6 30. a4 Rf7 31. b5 Ra7 32. bxc6 Rc8 33. Rb5 Rxa4
34. Rfxf5 h6 35. Rfc5 Ra6 36. c7 Ra7 37. Nf4+ Bxf4 38. gxf4 Rcxc7 39. Rb6+ Kg7
40. Rxc7+ Rxc7 41. Re6 1-0

[Event "IV Scaccomatto A"]
[Site "Torino ITA"]
[Date "2002.11.18"]
[Round "1"]
[White "Bjarnason, Oskar"]
[Black "Soncin, Denis"]
[Result "1-0"]
[WhiteElo "2195"]
[BlackElo "2048"]
[PlyCount "85"]
[EventDate "2002.11.18"]

1. e4 c5 2. Nf3 a6 3. Nc3 Nc6 4. d4 cxd4 5. Nxd4 g6 6. Nxc6 bxc6 7. Qd4 Nf6 8.
e5 Nh5 9. e6 Bg7 10. exf7+ Kxf7 11. Qc4+ e6 12. Be2 Nf6 13. h4 Bb7 14. h5 d5
15. hxg6+ hxg6 16. Rxh8 Qxh8 17. Qb4 Rb8 18. Bf4 c5 19. Qxc5 Rc8 20. Qb4 Nd7
21. Bd2 Ba8 22. Qf4+ Ke7 23. O-O-O Nc5 24. Qb4 Kf7 25. Qf4+ Ke7 26. Qb4 Kf7 27.
Re1 d4 28. Na4 Ne4 29. Bc4 Rb8 30. Bxe6+ Kxe6 31. Qc4+ Kd7 32. Qf7+ Kc8 33.
Qe6+ Kd8 34. Rxe4 Bxe4 35. Bg5+ Kc7 36. Bf4+ Kb7 37. Qxe4+ Kc8 38. Qe6+ Kd8 39.
Qd6+ Ke8 40. Qxb8+ Ke7 41. Bd6+ Kf7 42. Qc7+ Kf6 43. Qe7+ 1-0

[Event "IV Scaccomatto A"]
[Site "Torino ITA"]
[Date "2002.11.18"]
[Round "1"]
[White "Fittante, Giuliana"]
[Black "Maccagno, Giancarlo"]
[Result "0-1"]
[WhiteElo "1779"]
[BlackElo "2130"]
[PlyCount "118"]
[EventDate "2002.11.18"]

1. d4 g6 2. c4 f5 3. Nc3 Nf6 4. Nf3 Bg7 5. g3 c6 6. Bg2 Na6 7. O-O O-O 8. Bg5
d6 9. Qc1 Bd7 10. Bh6 Qe8 11. Bxg7 Kxg7 12. Re1 Qf7 13. b3 Ne4 14. e3 h6 15.
Qb2 Qf6 16. Rac1 Rac8 17. Nd2 Nxc3 18. Rxc3 e5 19. Rcc1 e4 20. b4 c5 21. a3 Nc7
22. bxc5 dxc5 23. Qxb7 cxd4 24. exd4 Qxd4 25. Nb3 Qb6 26. Qxb6 axb6 27. c5 Nd5
28. Red1 Ba4 29. Rxd5 Bxb3 30. Rd7+ Rf7 31. Rxf7+ Bxf7 32. c6 Rc7 33. Bf1 Bd5
34. Bb5 Kf6 35. Ba4 Ke5 36. Rb1 Bxc6 37. Rc1 Kd6 38. Rd1+ Bd5 39. Rb1 Ke5 40.
Kf1 Ra7 41. Be8 Rxa3 42. Rxb6 Ra1+ 43. Ke2 g5 44. Rxh6 Bc4+ 45. Kd2 Ra2+ 46.
Kc3 Bd5 47. h4 gxh4 48. Rxh4 Rxf2 49. Rh1 Rf3+ 50. Kd2 Rxg3 51. Rc1 f4 52. Bb5
Kd4 53. Ke2 Rg2+ 54. Kf1 Rd2 55. Ke1 Rh2 56. Rd1+ Ke5 57. Rc1 e3 58. Rc8 f3 59.
Re8+ Kd4 0-1

[Event "IV Scaccomatto A"]
[Site "Torino ITA"]
[Date "2002.11.18"]
[Round "1"]
[White "Ivanov, Jordan"]
[Black "Pepino, Enrico"]
[Result "1-0"]
[WhiteElo "2429"]
[BlackElo "2084"]
[PlyCount "53"]
[EventDate "2002.11.18"]

1. Nf3 Nf6 2. c4 g6 3. Nc3 Bg7 4. e4 d6 5. d4 O-O 6. h3 e5 7. d5 a5 8. Bg5 Na6
9. Be2 h6 10. Be3 Qe8 11. g4 Nc5 12. Nd2 Bd7 13. h4 Nh7 14. Nf1 Qc8 15. Ng3 a4
16. Rg1 Qd8 17. Rh1 c6 18. Qd2 Qb6 19. Rb1 cxd5 20. cxd5 Rac8 21. Bxh6 Bxh6 22.
Qxh6 Bxg4 23. Bxg4 Nd3+ 24. Kd2 Qxf2+ 25. Nge2 Rxc3 26. bxc3 Nf6 27. Qe3 1-0

[Event "IV Scaccomatto A"]
[Site "Torino ITA"]
[Date "2002.11.18"]
[Round "1"]
[White "Malano, Francesco"]
[Black "Mrdja, Milan"]
[Result "0-1"]
[WhiteElo "2062"]
[BlackElo "2368"]
[PlyCount "68"]
[EventDate "2002.11.18"]

1. c4 e5 2. Nc3 Nc6 3. g3 Nf6 4. Bg2 Bb4 5. d3 O-O 6. Nf3 Bxc3+ 7. bxc3 e4 8.
Nd4 exd3 9. exd3 Re8+ 10. Be3 Ne5 11. O-O d6 12. h3 c5 13. Nf3 Nfd7 14. Nh2 Nf8
15. Re1 Qc7 16. f4 Nc6 17. Qd2 b6 18. Bf2 Bb7 19. g4 Ne7 20. Nf3 d5 21. cxd5
Nxd5 22. Bg3 f6 23. Kh2 Qd7 24. f5 Rad8 25. Rxe8 Rxe8 26. Re1 Rd8 27. d4 cxd4
28. cxd4 b5 29. Qa5 Rc8 30. Qxa7 Ra8 31. Qc5 Rxa2 32. Bd6 Nf4 33. Kg3 Nd3 34.
Qc7 Qxc7 0-1

[Event "IV Scaccomatto A"]
[Site "Torino ITA"]
[Date "2002.11.18"]
[Round "1"]
[White "Pulito, Alberto"]
[Black "Gerard, Nicolas"]
[Result "1/2-1/2"]
[WhiteElo "2019"]
[BlackElo "2254"]
[PlyCount "84"]
[EventDate "2002.11.18"]

1. e4 c5 2. Nc3 Nc6 3. f4 g6 4. Nf3 Bg7 5. Bc4 e6 6. O-O Nge7 7. d3 O-O 8. Qe1
d5 9. Bb3 b5 10. Nxb5 Qb6 11. c4 Ba6 12. a4 dxe4 13. dxe4 Na5 14. Ba2 Bb7 15.
Bd2 Nac6 16. Bc3 Nd4 17. Rd1 Rad8 18. Nfxd4 Bxd4+ 19. Nxd4 cxd4 20. Ba5 Qxb2
21. Bxd8 Rxd8 22. Rb1 Qxa2 23. Rxb7 Nc6 24. f5 exf5 25. exf5 Qxc4 26. Qh4 Qd5
27. Qh6 d3 28. f6 Qc5+ 29. Kh1 Qf8 30. Qd2 Ne5 31. Rc7 h5 32. Re7 Ng4 33. Re4
Qd6 34. Ref4 Kh7 35. h3 Ne5 36. Rd1 Qd5 37. Kh2 Nc4 38. Qc3 Ne3 39. Rd2 Qd6 40.
g3 Qd5 41. Qc7 Rd7 42. Qb8 Qc5 1/2-1/2

[Event "IV Scaccomatto A"]
[Site "Torino ITA"]
[Date "2002.11.18"]
[Round "1"]
[White "Racioppo, Paolo"]
[Black "Sorcinelli, Francesco"]
[Result "1-0"]
[WhiteElo "2208"]
[BlackElo "1965"]
[PlyCount "155"]
[EventDate "2002.11.18"]

1. f4 c5 2. Nf3 Nc6 3. d3 d5 4. g3 g6 5. Bg2 Bg7 6. O-O Nf6 7. Nc3 O-O 8. a3
Rb8 9. Qe1 d4 10. Ne4 Nxe4 11. dxe4 Bg4 12. h3 Bxf3 13. Bxf3 e5 14. f5 c4 15.
g4 Bf6 16. Qg3 Bh4 17. Qg2 Bg5 18. Bxg5 Qxg5 19. Rad1 b5 20. Qg3 b4 21. h4 Qe3+
22. Kg2 bxa3 23. bxa3 Rb2 24. Rf2 Rxc2 25. g5 gxf5 26. exf5 e4 27. Bh5 Qxg3+
28. Kxg3 e3 29. Rf4 Rd2 30. Rc1 c3 31. Bf3 Ne5 32. Bd5 Rd8 33. Bb3 Rxe2 34. g6
hxg6 35. fxg6 Kg7 36. gxf7 Rf2 37. Rg1 Rf8 38. Rxd4 Kf6 39. Rf4+ Rxf4 40. Kxf4
e2 41. Ke3 Nxf7 42. Kxe2 Re8+ 43. Kd3 Ne5+ 44. Kxc3 Rh8 45. Rh1 a5 46. h5 Rc8+
47. Kd4 Rd8+ 48. Bd5 Nc6+ 49. Kc5 Ne7 50. Be4 Ke5 51. Bg2 Rd3 52. a4 Rg3 53.
Bf1 Kf6 54. h6 Ng6 55. h7 Kg7 56. Bb5 Kh8 57. Kb6 Ne7 58. Kxa5 Rg7 59. Bd3 Nc6+
60. Kb6 Ne5 61. Bb1 Rg4 62. a5 Nc4+ 63. Kc7 Rg7+ 64. Kc8 Nd6+ 65. Kb8 Rb7+ 66.
Ka8 Rb5 67. a6 Rc5 68. Rd1 Rc8+ 69. Ka7 Rd8 70. Rg1 Nb5+ 71. Kb6 Nc7 72. Kxc7
Rd7+ 73. Kb6 Rd6+ 74. Kc5 Rd5+ 75. Kc4 Rd4+ 76. Kc3 Rc4+ 77. Kd2 Rd4+ 78. Bd3
1-0

[Event "IV Scaccomatto A"]
[Site "Torino ITA"]
[Date "2002.11.18"]
[Round "1"]
[White "Ranieri, Fabrizio"]
[Black "Chille', Pasquale"]
[Result "1-0"]
[WhiteElo "2173"]
[BlackElo "1807"]
[PlyCount "93"]
[EventDate "2002.11.18"]

1. e4 c5 2. Nf3 d6 3. d4 cxd4 4. Nxd4 g6 5. Nc3 Bg7 6. Be3 Nf6 7. f3 O-O 8. Qd2
Nc6 9. O-O-O Nxd4 10. Bxd4 Be6 11. Kb1 Qa5 12. Nd5 Qxd2 13. Nxe7+ Kh8 14. Rxd2
Rfe8 15. Bxf6 Bxf6 16. Nd5 Bg5 17. Rd1 Bxd5 18. Rxd5 f5 19. Bd3 fxe4 20. Bxe4
Bf4 21. Rb5 Rab8 22. Rxb7 Rxb7 23. Bxb7 Re2 24. g3 Bd2 25. c3 Re1+ 26. Rxe1
Bxe1 27. Kc2 Kg7 28. Kd3 Bf2 29. Ke4 Bg1 30. h3 Bh2 31. g4 Kf6 32. f4 g5 33. f5
Be5 34. Bc8 Ke7 35. Kd5 h6 36. a4 Bf4 37. b4 Bd2 38. Kd4 Be1 39. b5 Bf2+ 40.
Kd5 Be1 41. a5 Kd8 42. Ba6 Bxc3 43. b6 axb6 44. axb6 Ba5 45. b7 Bc7 46. Ke6 Bb8
47. Bb5 1-0

[Event "IV Scaccomatto A"]
[Site "Torino ITA"]
[Date "2002.11.18"]
[Round "1"]
[White "Saccona, Silvano"]
[Black "Janev, Evgeni"]
[Result "0-1"]
[WhiteElo "2101"]
[BlackElo "2473"]
[PlyCount "76"]
[EventDate "2002.11.18"]

1. c4 Nf6 2. Nc3 e5 3. g3 Nc6 4. Bg2 Bc5 5. e3 O-O 6. Nge2 d6 7. O-O a6 8. a3
Ba7 9. d3 h6 10. b4 Ne7 11. Bb2 c6 12. Qc2 Be6 13. Ne4 Ne8 14. Rad1 f5 15. Nd2
Bb8 16. Nb3 Nf6 17. Rfe1 Qe8 18. Nd2 g5 19. Nf1 Qf7 20. Rc1 Ng6 21. Qc3 Bc7 22.
f4 Rae8 23. b5 axb5 24. cxb5 Nd5 25. Qd2 Bb6 26. bxc6 gxf4 27. gxf4 Ndxf4 28.
Nxf4 Nxf4 29. d4 Nxg2 30. Qxg2+ Kh7 31. cxb7 Bd5 32. Qd2 Bxb7 33. Ng3 Rg8 34.
Rf1 Qd5 35. Kf2 f4 36. exf4 exf4 37. Ne2 Rg2+ 38. Ke1 Rgxe2+ 0-1

[Event "IV Scaccomatto A"]
[Site "Torino ITA"]
[Date "2002.11.18"]
[Round "1"]
[White "Vozza, Nicola"]
[Black "Fassio, Luca"]
[Result "0-1"]
[WhiteElo "1822"]
[BlackElo "2194"]
[PlyCount "124"]
[EventDate "2002.11.18"]

1. d4 g6 2. c4 Bg7 3. Nc3 d6 4. e4 Nf6 5. f3 b6 6. Be3 O-O 7. Qd2 c5 8. d5 Na6
9. a3 Nc7 10. Bd3 e5 11. Nge2 Bd7 12. O-O Nh5 13. g4 Nf6 14. Ng3 Kh8 15. Bg5
Qe8 16. h4 Ng8 17. h5 f6 18. h6 fxg5 19. hxg7+ Kxg7 20. Qxg5 Qe7 21. Qxe7+ Nxe7
22. Kg2 h6 23. b4 a6 24. Rfb1 Rfb8 25. Ra2 Nc8 26. Rab2 cxb4 27. axb4 a5 28. b5
Ne7 29. Na4 Ne8 30. Ne2 Nf6 31. Rh1 Rb7 32. Nec3 Nh7 33. Kg3 Ng5 34. Rbh2 Ng8
35. Nd1 Rf8 36. Be2 Nh7 37. Nf2 Nhf6 38. Nh3 Nh7 39. Bf1 Ng5 40. Bg2 Rc8 41.
Rc1 Nf6 42. Rhh1 Rf8 43. Rhf1 Be8 44. Rce1 Nd7 45. Re2 Rc7 46. Rc1 Nf7 47. f4
exf4+ 48. Nxf4 Ng5 49. Nd3 Nf7 50. Nf4 Nd8 51. Rec2 Bf7 52. Nd3 Nb7 53. Rc3 Re8
54. R3c2 g5 55. Kf2 Bg6 56. Re2 Nf6 57. Nxb6 Nxg4+ 58. Kg3 Nf6 59. Bf3 Bxe4 60.
Rce1 Bg6 61. Nb2 Rxe2 62. Rxe2 Nc5 0-1

[Event "IV Scaccomatto A"]
[Site "Torino ITA"]
[Date "2002.11.19"]
[Round "2"]
[White "Chille', Pasquale"]
[Black "Malano, Francesco"]
[Result "1-0"]
[WhiteElo "1807"]
[BlackElo "2062"]
[PlyCount "71"]
[EventDate "2002.11.18"]

1. e4 c5 2. Nf3 g6 3. c3 Bg7 4. d4 cxd4 5. cxd4 d5 6. exd5 Nf6 7. Bb5+ Nbd7 8.
d6 exd6 9. O-O O-O 10. Re1 a6 11. Bd3 b5 12. Nc3 Nb6 13. Bg5 Qd7 14. Ne4 Nxe4
15. Bxe4 d5 16. Bd3 f6 17. Bf4 Nc4 18. Qb1 Re8 19. Rxe8+ Qxe8 20. b3 Na3 21.
Qb2 Bf8 22. Rc1 Bd7 23. Rc7 Rc8 24. Qc1 Rxc7 25. Qxc7 Qc8 26. Qb6 Qc6 27. Qd8
Kf7 28. Bg5 Bg4 29. Bf4 Be6 30. h3 Qc3 31. Bg5 fxg5 32. Nxg5+ Kg8 33. Qf6 Qxd3
34. Qxe6+ Kh8 35. Qf7 Bg7 36. Qe8+ 1-0

[Event "IV Scaccomatto A"]
[Site "Torino ITA"]
[Date "2002.11.19"]
[Round "2"]
[White "Fassio, Luca"]
[Black "Ivanov, Jordan"]
[Result "0-1"]
[WhiteElo "2194"]
[BlackElo "2429"]
[PlyCount "84"]
[EventDate "2002.11.18"]

1. e4 c5 2. c3 d5 3. exd5 Qxd5 4. d4 Nf6 5. Nf3 e6 6. Bd3 Nc6 7. O-O cxd4 8.
cxd4 Be7 9. Nc3 Qd6 10. Be3 O-O 11. a3 b6 12. Rc1 Bb7 13. Bb1 Rad8 14. Qd3 g6
15. Rfd1 Qb8 16. Qe2 Rd7 17. Ba2 Rfd8 18. Ng5 Nxd4 19. Bxd4 Rxd4 20. Bxe6 Ng4
21. Bxg4 Bxg5 22. Rxd4 Bxc1 23. Rxd8+ Qxd8 24. a4 h5 25. Bh3 Qd4 26. Qc2 Bg5
27. g3 Bc6 28. Bg2 Bd7 29. Qd1 Qxd1+ 30. Nxd1 Bxa4 31. Nc3 Bb3 32. f4 Bf6 33.
Kf2 Bd4+ 34. Ke1 a5 35. Bc6 Kf8 36. Ke2 Ke7 37. h3 Bc4+ 38. Kf3 Bf1 39. h4 Bd3
40. Nd5+ Kd6 41. Bb7 a4 42. Nb4 Bc4 0-1